| 000 | 00466nam a22001697a 4500 | ||
|---|---|---|---|
| 003 | OSt | ||
| 005 | 20140505090350.0 | ||
| 008 | 140505b xxu||||| |||| 00| 0 eng d | ||
| 020 | _a9789810168483 | ||
| 050 |
_aQ 163 _b.G994 2010 |
||
| 100 | _aGwan, Wai Lan Teo | ||
| 245 |
_aMy Pals is here Science 4B / _cWai Lan Teo-Gwan |
||
| 260 |
_aSingapore : _bFederal Publications, _c2010. |
||
| 300 |
_a172 p. : _bcol. ill. ; _c27 cm. |
||
| 942 |
_2lcc _cBK |
||
| 999 |
_c115759 _d115759 |
||